000 01843cam a22004574i 4500
003 PE-LiUPU
005 20250731180128.0
008 150625s r 000 0 d
035 _a(Sirsi) a33355
040 _aPE-LiUPU
_bspa
_cPE-LiUPU
_erda
082 0 4 _a539
_bK79
_221
100 1 _aKrane, Kenneth S.,
_eautor.
245 1 0 _aFisica Moderna.
264 1 _aMéxico :
_bLimusa,
_c1991.
300 _a586 páginas :
_bilustraciones ;
_c25 cm.
336 _atext
_2rdacontent
337 _aunmediated
_2rdamedia
338 _avolume
_2rdacarrier
505 0 _aTeoría específica de la relatividad -Los propuestos Corpúsculares de las radiaciones electromagnéticas -Los propuestos ondulatorios de las partículas -La ecuación de Schrödinger -El modelo atómico de Rutherford-Bohr -El atómo de Hidrogeno en la mecánica ondulatoria -Átomo de muchos electrones -Estructura nuclear y radioactividad -Reacciones nucleares -Partículas elementales -Física estadística -Estructura molecular -Física del estado sólido -Astrofísica y relatividad general -Cosmología: Origen y destino del universo.
526 _aSEG44
526 _aSEG26
526 _aP159
526 _aP155
526 _aP154
526 _aP153
526 _aP150
526 _aP100
526 _aP31
526 _aP30
526 _aP26
526 _aP25
526 _aP24
526 _aP22
526 _aP15
526 _aP10
942 _2ddc
_cBOOK
949 _a539 K79
_wDEWEY
_c1
_i35302
_lCCODEBUL1
_mBUL
_p00.00
_r0
_sY
_tBOOK
_u2015-06-25
_xBIBLIOTECA
_zUNKNOWN
_0COMPRA
_o.STAFF. Colección General
596 _a1
999 _a539 K79
_wDEWEY
_c41093
_i35302
_d41093
_f2021-11-5
_g7
_lCCODEBUL1
_mBUL
_q1
_r0
_sN
_tBOOK
_u2015-6-25
_xBIBLIOTECA
_zUNKNOWN
_0COMPRA
_o.STAFF. Colección General
980 _81
_gALBERTO SANCHEZ Responsable de Automatización